The economics of the business firm (Record no. 41056)

MARC details
000 -LEADER
fixed length control field 00506nam a2200145 a 4500
008 - FIXED-LENGTH DATA ELEMENTS--GENERAL INFORMATION
fixed length control field 120416s1997 ||||||||||||||||| || u
020 ## - INTERNATIONAL STANDARD BOOK NUMBER
International Standard Book Number 0521588650
050 ## - LIBRARY OF CONGRESS CALL NUMBER
Classification number HB 71 Dem
100 ## - MAIN ENTRY--PERSONAL NAME
Personal name Demsetz, Harold
245 14 - TITLE STATEMENT
Title The economics of the business firm
246 ## - VARYING FORM OF TITLE
Title proper/short title seven critical commentaries
260 ## - PUBLICATION, DISTRIBUTION, ETC.
Place of publication, distribution, etc. Cambridge
Name of publisher, distributor, etc. CUP
Date of publication, distribution, etc. 1997
350 ## - PRICE (NR) (BK AM CF MU VM SE) [OBSOLETE]
Price 0.00
995 ## - RECOMMENDATION 995 [LOCAL, UNIMARC FRANCE]
-- 0.00
-- CBU-MAIN LIBRARY (Kitwe)
-- 1
-- 0.00
-- 1
-- AVAILABLE
-- Main Library Open Access Collection
Holdings
Withdrawn status Lost status Source of classification or shelving scheme Damaged status Not for loan Home library Current library Shelving location Date acquired Total Checkouts Full call number Barcode Date last seen Price effective from Koha item type
          CBU-MAIN LIBRARY, KITWE. CBU-MAIN LIBRARY, KITWE.   11/30/2022   HB 71 Dem 027222 11/30/2022 11/30/2022 MONOGRAPH